Statistiken für Wo ist diese Tür

Klicken Sie hier um das Quiz zu spielen!

Allgemein

  • Dieses Quiz wurde 711 mal gespielt
  • Das Durchschnittsergebnis liegt bei 10 aus 16

Antwortstatistiken

Antwort% Korrekt
The Big Bang Theory
82%
Harry Potter
79%
Monsters Inc. / Monster AG
76%
Jurassic Park
74%
Marvel / Doctor Strange
72%
221b {Baker Street}
71%
Narnia
71%
Mittelerde
69%
Reichstag
68%
Two and a half Men
67%
Friends
64%
Doctor Who
59%
Vatikan
55%
10 {Downing} Street
39%
Kapitol
33%
Wittenberg
6%

Verteilung der Resultate

Perzentil nach korrekt beantworteten Fragen

Anzahl Personen mit jedem Resultat

Ihre Resultats-Entwicklung

Sie haben dieses Quiz noch nicht gespielt